|
|
|
|
| LEADER |
00000nam0a2200000 4500 |
| 001 |
63603 |
| 005 |
20231031064435.0 |
| 010 |
|
|
|a 5230114746
|
| 035 |
|
|
|a (RuTPU)RU\TPU\book\67498
|
| 090 |
|
|
|a 63603
|
| 100 |
|
|
|a 20040518d1994 km y0rusy50 ca
|
| 101 |
0 |
|
|a rus
|
| 102 |
|
|
|a RU
|
| 105 |
|
|
|a a z 001zy
|
| 200 |
1 |
|
|a Цементы из некондиционного сырья
|f И. Г. Лугинина, В. М. Коновалов
|g Новочеркасский государственный технический университет
|
| 210 |
|
|
|a Новочеркасск
|c Новочеркасский государственный технический ун-т
|d 1994
|
| 215 |
|
|
|a 233 с.
|c ил.
|
| 320 |
|
|
|a Библиогр.: с. 221-231
|
| 610 |
1 |
|
|a цементное сырье
|
| 610 |
1 |
|
|a кальцит
|
| 610 |
1 |
|
|a катализаторы
|
| 610 |
1 |
|
|a влияние
|
| 610 |
1 |
|
|a минерализаторы
|
| 610 |
1 |
|
|a высокотемпературные процессы
|
| 610 |
1 |
|
|a сырье
|
| 610 |
1 |
|
|a примеси
|
| 610 |
1 |
|
|a вяжущие композиции
|
| 610 |
1 |
|
|a клинкерообразование
|
| 610 |
1 |
|
|a портландцементы
|
| 675 |
|
|
|a 666.94
|v 3
|
| 700 |
|
1 |
|a Лугинина
|b И. Г.
|g Ия Германовна
|
| 701 |
|
1 |
|a Коновалов
|b В. М.
|g Владимир Михайлович
|
| 712 |
0 |
2 |
|a Новочеркасский государственный технический университет
|2 stltpush
|3 (RuTPU)RU\TPU\col\213
|
| 801 |
|
1 |
|a RU
|b 63413507
|c 20040518
|g PSBO
|
| 942 |
|
|
|c BK
|